000 00870nam a2200265 i 4500
001 88797
003 ES-MaACL
005 20250804052221.0
007 t|
008 041213s1987 fr ||||1| fre d
020 _a2-264-00310-3
080 _a159.942
080 _a128
100 1 _aSchopenhauer, Arthur,
_d1788-1860
_9240710
245 1 0 _aMétaphysique de l'amour ; Métaphysique de la mort /
_cpar Schopenhauer ; introduction par Martial Gueroult ; traduction nouvelle par Marianna Simon.
260 _aParis :
_bUnion Générale d'Editions,
_c[1987]
300 _a179 p. ;
_c18 cm.
650 7 _aAmor
_2embne
_99754
650 7 _aMuerte
_2embne
_915241
700 1 _aGueroult, Martial.
_960477
700 1 _aSimon, Marianna.
_9106526
740 0 _aMátaphysique de la mort.
852 _aES-MaACL
_jE-10635
_bR.134756
999 _c88797
_d88797